| 000 | 00366nam a2200169Ia 4500 | ||
|---|---|---|---|
| 001 | 24923 | ||
| 003 | IN-NITTTR | ||
| 005 | 20251114233318.0 | ||
| 008 | 251113s9999||||xx |||||||||||||| ||eng|| | ||
| 040 | _beng | ||
| 040 | _cIN-NITTTR | ||
| 041 | _aeng | ||
| 082 | _a923.654 R64V | ||
| 100 | _aRoma, Rola | ||
| 245 | 0 |
_aVivekananda / _cRoma, Rola |
|
| 942 |
_2ddc _cBK |
||
| 999 |
_c27552 _d27552 |
||